00551nam a22001697a 450000500170000001000150001702000260003203500140005803700130007208200130008510000210009824500840011926000410020327000790024430000360032350000220035920181001163244.0 aENG-124153 a9789386446619c350.00 aEN-107685 bDBAD/PUB00a488.0071 aMajumdar, Aarati10aTeaching english as a second language:cby Aarati Majumdarbtheory and praxis / aNew Delhi bSAGE Publications,c2017 aB1/I-1 Mohan Cooperative Industrial Area, Mathura RoadbNew Delhi e110044 axv,349p.(I-6)c25cm.(pbk)bill. aIt includes index